عصمت چغتا ئ تا نيثيت کی پہلی آ و ا ز (Record no. 172118)

MARC details
000 -LEADER
fixed length control field 00676nam a22001937a 4500
005 - DATE AND TIME OF LATEST TRANSACTION
control field 20200128113937.0
010 ## - LCCN (DPL NO)
LC control number UR-10691
020 ## - INTERNATIONAL STANDARD BOOK NUMBER
Terms of availability 220.00
International Standard Book Number -
035 ## - SYSTEM CONTROL NUMBER
System control number U-9246
037 ## - SOURCE OF ACQUISITION
Source of stock number/acquisition DBAD/PUB
Stock number -
082 ## - DEWEY DECIMAL CLASSIFICATION NUMBER
Classification number 844.8
100 ## - MAIN ENTRY--PERSONAL NAME
Personal name عصمت چغتا ئ
245 ## - TITLE STATEMENT
Title عصمت چغتا ئ تا نيثيت کی پہلی آ و ا ز
Statement of responsibility, etc عصمت چغتا ئ
246 ## - VARYING FORM OF TITLE
Remainder of title Ismat Chughtai Taaneesi-Ki Pehli Aawaaz (Urdu)
Title proper/short title by Ismat Chughtai
260 ## - PUBLICATION, DISTRIBUTION, ETC. (IMPRINT)
Place of publication, distribution, etc Rajisthan
Name of publisher, distributor, etc Rajisthan Urdu Academy
Date of publication, distribution, etc 2017ء
270 ## - ADDRESS
Address J-15,Jhalana Institutional Area,
City Delhi Jaipur
Postal code 302004
Telephone number 0141-2709771
Fax number -
300 ## - PHYSICAL DESCRIPTION
Extent 176 ص
Dimensions 22 Cm(Hb)
942 ## - ADDED ENTRY ELEMENTS (KOHA)
Source of classification or shelving scheme Dewey Decimal Classification
Item type Urdu Bks
Classification part 844.8
Call number suffix چ غ ت
Holdings
Withdrawn status Lost status Not for loan Home library Current library Date acquired Source of acquisition Cost, normal purchase price Full call number Barcode Copy number Cost, replacement price Koha item type
      Central Library Central Library 28/01/2020 BPPD/Ven. 220.00 844.8 چ غ ت U-9246 1 220.00 Urdu Bks

© Delhi Public Library
Hit Counter
free hit counter